[Event "Warsaw op"]
[Site "Warsaw"]
[Date "1988.??.??"]
[Round "?"]
[White "Strzelecki, Krzysztof"]
[Black "Doda, Zbigniew"]
[Result "1/2-1/2"]
[WhiteElo "2360"]
[BlackElo "2330"]
[PlyCount "42"]
[EventDate "1988.??.??"]
[EventType "swiss"]
[EventRounds "9"]
[EventCountry "POL"]
[SourceTitle "EXT 2004"]
[Source "ChessBase"]
[SourceDate "2003.11.25"]
[SourceVersion "1"]
[SourceVersionDate "2003.11.25"]
[SourceQuality "1"]

1. e4 c5 2. Nf3 e6 3. d4 cxd4 4. Nxd4 Nc6 5. Nc3 a6 6. Bf4 d6 7. Bg3 Nf6 8. Be2 Be7 9. 0-0 0-0 10. Kh1 Bd7 11. f4 Nxd4 12. Qxd4 Bc6 13. Rad1 Qc7 14. e5 dxe5 15. fxe5 Nd7 16. Ne4 Rad8 17. Nd6 Qb6 18. Bf3 Qxd4 19. Rxd4 Bxf3 20. Rxf3 Bxd6 21. exd6 Rc8 1/2-1/2

[Event "POL-chT 43rd"]
[Site "Jachranka"]
[Date "1987.??.??"]
[Round "10"]
[White "Grossmann, Ryszard"]
[Black "Doda, Zbigniew"]
[Result "1/2-1/2"]
[WhiteElo "2295"]
[BlackElo "2345"]
[PlyCount "26"]
[EventDate "1987.09.23"]
[EventType "team-tourn"]
[EventRounds "11"]
[EventCountry "POL"]
[SourceTitle "EXT 2019"]
[Source "ChessBase"]
[SourceDate "2018.10.10"]
[SourceVersion "1"]
[SourceVersionDate "2018.10.10"]
[SourceQuality "1"]
[WhiteTeam "Wroclaw Maraton"]
[BlackTeam "Poznan Lech"]
[WhiteTeamCountry "POL"]
[BlackTeamCountry "POL"]

1. d4 Nf6 2. Nf3 g6 3. b3 Bg7 4. Bb2 0-0 5. c4 c5 6. e3 cxd4 7. exd4 d5 8. Be2 Nc6 9. 0-0 Bf5 10. Nc3 Rc8 11. c5 Ne4 12. Na4 b6 13. cxb6 axb6 1/2-1/2

[Event "POL-chT 43rd"]
[Site "Jachranka"]
[Date "1987.??.??"]
[Round "2"]
[White "Kruszynski, Wlodzimierz"]
[Black "Doda, Zbigniew"]
[Result "1-0"]
[WhiteElo "2315"]
[BlackElo "2345"]
[PlyCount "75"]
[EventDate "1987.09.23"]
[EventType "team-tourn"]
[EventRounds "11"]
[EventCountry "POL"]
[SourceTitle "EXT 2019"]
[Source "ChessBase"]
[SourceDate "2018.10.10"]
[SourceVersion "1"]
[SourceVersionDate "2018.10.10"]
[SourceQuality "1"]
[WhiteTeam "Myslowice Gornik 09"]
[BlackTeam "Poznan Lech"]
[WhiteTeamCountry "POL"]
[BlackTeamCountry "POL"]

1. e4 c5 2. Nf3 e6 3. d4 cxd4 4. Nxd4 Nc6 5. Nc3 Qc7 6. Be2 a6 7. 0-0 Nf6 8. Kh1 Be7 9. f4 d6 10. Be3 0-0 11. a4 Re8 12. Bd3 Bd7 13. Qf3 Nb4 14. Qg3 g6 15. f5 Kh8 16. fxe6 fxe6 17. Bg5 Nh5 18. Qh4 Bxg5 19. Qxg5 Qd8 20. Qh6 Rf8 21. e5 Nxd3 22. cxd3 dxe5 23. Nf3 Qf6 24. Kg1 Qg7 25. Qe3 e4 26. Nxe4 Bc6 27. Nfg5 Rae8 28. Nd6 Qxb2 29. Ngf7+ Kg8 30. Qg5 Nf4 31. Rad1 Qd4+ 32. Rf2 Nxd3 33. Rxd3 Qxd3 34. Qe5 Qb1+ 35. Rf1 Qb6+ 36. Kh1 Rxf7 37. Nxf7 Bxg2+ 38. Kxg2 1-0

[Event "POL-chT 43rd"]
[Site "Jachranka"]
[Date "1987.??.??"]
[Round "6"]
[White "Ksieski, Zbigniew"]
[Black "Doda, Zbigniew"]
[Result "1-0"]
[WhiteElo "2370"]
[BlackElo "2345"]
[PlyCount "105"]
[EventDate "1987.09.23"]
[EventType "team-tourn"]
[EventRounds "11"]
[EventCountry "POL"]
[SourceTitle "EXT 2019"]
[Source "ChessBase"]
[SourceDate "2018.10.10"]
[SourceVersion "1"]
[SourceVersionDate "2018.10.10"]
[SourceQuality "1"]
[WhiteTeam "Swidnik Avia"]
[BlackTeam "Poznan Lech"]
[WhiteTeamCountry "POL"]
[BlackTeamCountry "POL"]

1. d4 Nf6 2. c4 c5 3. d5 g6 4. Nc3 Bg7 5. e4 d6 6. Nf3 0-0 7. Be2 e6 8. 0-0 Re8 9. Nd2 Na6 10. dxe6 Bxe6 11. Nb3 Bd7 12. f3 Bc6 13. Bg5 Nc7 14. Qd2 Ne6 15. Be3 Qe7 16. Rae1 Rad8 17. Kh1 a6 18. Nd5 Bxd5 19. cxd5 Nf8 20. Na5 Qc7 21. b4 N8d7 22. bxc5 Nxc5 23. Rb1 Nfd7 24. Rfc1 Rb8 25. Bf1 Qd8 26. Bg5 Bf6 27. Bh6 Bg7 28. Bg5 Bf6 29. Be3 Qe7 30. Rb4 Qd8 31. Nc4 Qe7 32. a4 Rec8 33. a5 Bg7 34. Rcb1 h5 35. Bf4 Ne5 36. Nb6 Re8 37. Bg5 Bf6 38. h4 Bxg5 39. hxg5 Ned7 40. Re1 Nxb6 41. Rxb6 Rbd8 42. Qf4 Qe5 43. g3 Qc3 44. Rc1 Qa3 45. Rd1 Qc3 46. Bg2 Qxa5 47. Rxd6 Rc8 48. Qf6 Qa4 49. Qd4 Qxd4 50. Rxd4 b5 51. Rb6 Rb8 52. Rc6 Rec8 53. Bh3 1-0

[Event "POL-chT 42nd"]
[Site "Porabka"]
[Date "1986.10.??"]
[Round "6"]
[White "Doda, Zbigniew"]
[Black "Bakalarz, Mietek"]
[Result "1/2-1/2"]
[WhiteElo "2350"]
[BlackElo "2275"]
[PlyCount "22"]
[EventDate "1986.10.18"]
[EventType "team-tourn"]
[EventRounds "11"]
[EventCountry "POL"]
[SourceTitle "EXT 2019"]
[Source "ChessBase"]
[SourceDate "2018.10.10"]
[SourceVersion "1"]
[SourceVersionDate "2018.10.10"]
[SourceQuality "1"]
[WhiteTeam "Poznan Lech"]
[BlackTeam "Katowice Kolejarz"]
[WhiteTeamCountry "POL"]
[BlackTeamCountry "POL"]

1. Nf3 Nf6 2. g3 g6 3. Bg2 Bg7 4. c4 0-0 5. 0-0 d6 6. Nc3 Nc6 7. d3 e5 8. Rb1 a5 9. a3 h6 10. b4 axb4 11. axb4 Be6 1/2-1/2

[Event "POL-chT 42nd"]
[Site "Porabka"]
[Date "1986.10.??"]
[Round "11"]
[White "Doda, Zbigniew"]
[Black "Szypulski, Andrzej"]
[Result "1/2-1/2"]
[WhiteElo "2350"]
[BlackElo "2280"]
[PlyCount "57"]
[EventDate "1986.10.18"]
[EventType "team-tourn"]
[EventRounds "11"]
[EventCountry "POL"]
[SourceTitle "EXT 2019"]
[Source "ChessBase"]
[SourceDate "2018.10.10"]
[SourceVersion "1"]
[SourceVersionDate "2018.10.10"]
[SourceQuality "1"]
[WhiteTeam "Poznan Lech"]
[BlackTeam "Warszawa Legion"]
[WhiteTeamCountry "POL"]
[BlackTeamCountry "POL"]

1. Nf3 Nf6 2. g3 b6 3. Bg2 Bb7 4. 0-0 c5 5. d3 d5 6. c4 e6 7. Nc3 Be7 8. cxd5 Nxd5 9. Bd2 0-0 10. a3 Nc6 11. Rb1 Nd4 12. Ne1 Qd7 13. e3 Nb5 14. Qa4 Bc6 15. Nxd5 exd5 16. Qc2 Rac8 17. Nf3 Bf6 18. Rbd1 Rfe8 19. Rfe1 Qg4 20. Qb1 h5 21. Bc1 Qg6 22. Qa2 Nc7 23. d4 Ba4 24. b3 Bd7 25. Bb2 h4 26. dxc5 hxg3 27. hxg3 bxc5 28. Bxf6 Qxf6 29. Qa1 1/2-1/2

[Event "POL-chT 42nd"]
[Site "Porabka"]
[Date "1986.10.??"]
[Round "9"]
[White "Rakowiecki, Tomasz"]
[Black "Doda, Zbigniew"]
[Result "0-1"]
[WhiteElo "2310"]
[BlackElo "2350"]
[PlyCount "50"]
[EventDate "1986.10.18"]
[EventType "team-tourn"]
[EventRounds "11"]
[EventCountry "POL"]
[SourceTitle "EXT 2019"]
[Source "ChessBase"]
[SourceDate "2018.10.10"]
[SourceVersion "1"]
[SourceVersionDate "2018.10.10"]
[SourceQuality "1"]
[WhiteTeam "Lodz Anilana"]
[BlackTeam "Poznan Lech"]
[WhiteTeamCountry "POL"]
[BlackTeamCountry "POL"]

1. e4 c5 2. Nf3 e6 3. d4 cxd4 4. Nxd4 Nc6 5. Nc3 a6 6. Be2 d6 7. Be3 Nf6 8. 0-0 Be7 9. f4 0-0 10. a4 Qc7 11. Kh1 Re8 12. Bd3 Nb4 13. a5 Bd7 14. Nb3 Bc6 15. Bb6 Qb8 16. Qe2 Nxd3 17. cxd3 e5 18. fxe5 dxe5 19. Nd2 Qc8 20. Nc4 Qe6 21. Ne3 Bd8 22. Bxd8 Raxd8 23. Rf3 Rf8 24. Raf1 Ne8 25. Rh3 g6 0-1

[Event "Poznan"]
[Site "Poznan"]
[Date "1984.??.??"]
[Round "5"]
[White "Doda, Zbigniew"]
[Black "Nowak, Ignacy"]
[Result "1/2-1/2"]
[WhiteElo "2335"]
[BlackElo "2360"]
[PlyCount "23"]
[EventDate "1984.09.??"]
[EventType "tourn"]
[EventRounds "11"]
[EventCountry "POL"]
[EventCategory "6"]
[SourceTitle "MCD"]
[Source "ChessBase"]
[SourceDate "1999.07.01"]
[SourceVersion "1"]
[SourceVersionDate "1999.07.01"]
[SourceQuality "1"]

1. Nf3 c5 2. g3 b6 3. Bg2 Bb7 4. 0-0 Nf6 5. d3 d6 6. e4 Nbd7 7. Nc3 e6 8. Nd2 Qc7 9. Nc4 a6 10. a4 Be7 11. Re1 0-0 12. f4 1/2-1/2

[Event "Poznan"]
[Site "Poznan"]
[Date "1984.??.??"]
[Round "8"]
[White "Lanc, Alois"]
[Black "Doda, Zbigniew"]
[Result "0-1"]
[WhiteElo "2390"]
[BlackElo "2335"]
[PlyCount "84"]
[EventDate "1984.09.??"]
[EventType "tourn"]
[EventRounds "11"]
[EventCountry "POL"]
[EventCategory "6"]
[SourceTitle "MCD"]
[Source "ChessBase"]
[SourceDate "1999.07.01"]
[SourceVersion "1"]
[SourceVersionDate "1999.07.01"]
[SourceQuality "1"]

1. e4 c5 2. Nf3 e6 3. d4 cxd4 4. Nxd4 Nc6 5. Nc3 a6 6. Be3 Qc7 7. Bd3 Nf6 8. 0-0 Bd6 9. h3 b5 10. a3 Nxd4 11. Bxd4 Bb7 12. Qe2 e5 13. Be3 h6 14. Rad1 0-0 15. Rfe1 Bc5 16. Qf3 Bxe3 17. Rxe3 d6 18. g4 Qe7 19. Qg3 Rad8 20. h4 g6 21. Rde1 Kg7 22. Bf1 Rh8 23. Bg2 Qe6 24. Bh3 Qc4 25. h5 g5 26. Bf1 Qe6 27. f3 Rhe8 28. Bd3 Nd7 29. Rd1 Qf6 30. a4 b4 31. Na2 d5 32. exd5 Qb6 33. Qf2 Bxd5 34. Bf5 Nf6 35. Red3 Qb8 36. Nc1 e4 37. fxe4 Bxe4 38. Bxe4 Nxe4 39. Qf5 Rxd3 40. Rxd3 Nf6 41. Kf1 Qe5 42. Qxe5 Rxe5 0-1

[Event "Poznan"]
[Site "Poznan"]
[Date "1984.??.??"]
[Round "10"]
[White "Thipsay, Praveen Mahadeo"]
[Black "Doda, Zbigniew"]
[Result "1/2-1/2"]
[WhiteElo "2435"]
[BlackElo "2335"]
[PlyCount "90"]
[EventDate "1984.09.??"]
[EventType "tourn"]
[EventRounds "11"]
[EventCountry "POL"]
[EventCategory "6"]
[SourceTitle "MCD"]
[Source "ChessBase"]
[SourceDate "1999.07.01"]
[SourceVersion "1"]
[SourceVersionDate "1999.07.01"]
[SourceQuality "1"]

1. e4 c5 2. c3 e6 3. d4 d5 4. e5 Nc6 5. Nf3 Nge7 6. Bd3 cxd4 7. cxd4 Nf5 8. Bxf5 exf5 9. Nc3 Be6 10. 0-0 Be7 11. Ne1 Rc8 12. Be3 0-0 13. Nd3 Kh8 14. Re1 g5 15. f4 g4 16. Rc1 Na5 17. Re2 b6 18. Bf2 Rc4 19. Rec2 Qd7 20. Ne1 Rfc8 21. b3 R4c7 22. Nb1 Kg7 23. Rxc7 Rxc7 24. Rxc7 Qxc7 25. Nc2 Nc6 26. Qd2 a5 27. Ne3 Qd7 28. Nc3 h5 29. h3 Bd8 30. Qd3 Nb4 31. Qb1 Nc6 32. hxg4 hxg4 33. Ne2 Kf8 34. a4 Ke8 35. Ng3 Ne7 36. Nh5 Ng6 37. Nxf5 Bxf5 38. Ng7+ Kf8 39. Qxf5 Qxf5 40. Nxf5 Nxf4 41. Kf1 f6 42. Ne3 fxe5 43. dxe5 Kf7 44. Nxg4 Ke6 45. Be3 Nd3 1/2-1/2

[Event "Tirnavia-B"]
[Site "Trnava"]
[Date "1983.03.26"]
[Round "8"]
[White "Doda, Zbigniew"]
[Black "Manic, Jovica"]
[Result "1/2-1/2"]
[WhiteElo "2320"]
[BlackElo "2350"]
[PlyCount "24"]
[EventDate "1983.03.18"]
[EventType "tourn"]
[EventRounds "13"]
[EventCountry "CSR"]
[EventCategory "4"]
[SourceTitle "EXT 1998"]
[Source "ChessBase"]
[SourceDate "1997.11.17"]
[SourceVersion "1"]
[SourceVersionDate "1997.11.17"]
[SourceQuality "1"]

1. Nf3 Nf6 2. g3 b5 3. Bg2 Bb7 4. 0-0 e6 5. b3 Be7 6. c4 a6 7. d3 d6 8. e4 c5 9. Re1 Nbd7 10. Bb2 Qc7 11. Qc2 0-0 12. Nbd2 Bc6 1/2-1/2

[Event "Poznan"]
[Site "Poznan"]
[Date "1983.??.??"]
[Round "10"]
[White "Bernard, Ryszard"]
[Black "Doda, Zbigniew"]
[Result "1/2-1/2"]
[WhiteElo "2340"]
[BlackElo "2320"]
[PlyCount "33"]
[EventDate "1983.09.??"]
[EventType "tourn"]
[EventRounds "11"]
[EventCountry "POL"]
[EventCategory "5"]
[SourceTitle "MCD"]
[Source "ChessBase"]
[SourceDate "1999.07.01"]
[SourceVersion "1"]
[SourceVersionDate "1999.07.01"]
[SourceQuality "1"]

1. e4 Nf6 2. e5 Nd5 3. c4 Nb6 4. c5 Nd5 5. Nc3 e6 6. d4 d6 7. cxd6 cxd6 8. Nf3 Nc6 9. exd6 Bxd6 10. Bd3 Nf4 11. Bxf4 Bxf4 12. 0-0 0-0 13. Qe2 g6 14. Rfd1 Bh6 15. Be4 Bg7 16. Bxc6 bxc6 17. Ne5 1/2-1/2

[Event "Poznan"]
[Site "Poznan"]
[Date "1983.??.??"]
[Round "4"]
[White "Doda, Zbigniew"]
[Black "Kupka, Slavoj"]
[Result "0-1"]
[WhiteElo "2320"]
[BlackElo "2350"]
[PlyCount "84"]
[EventDate "1983.09.??"]
[EventType "tourn"]
[EventRounds "11"]
[EventCountry "POL"]
[EventCategory "5"]
[SourceTitle "MCD"]
[Source "ChessBase"]
[SourceDate "1999.07.01"]
[SourceVersion "1"]
[SourceVersionDate "1999.07.01"]
[SourceQuality "1"]

1. Nf3 Nf6 2. c4 g6 3. g3 Bg7 4. Bg2 0-0 5. 0-0 d6 6. d4 Nc6 7. Nc3 a6 8. d5 Na5 9. Nd2 c5 10. Qc2 Rb8 11. b3 b5 12. Bb2 bxc4 13. bxc4 Bh6 14. Ncb1 Bd7 15. Bc3 Ng4 16. h3 Ne5 17. Na3 g5 18. Rab1 Qc7 19. e3 f5 20. f4 Nf7 21. Kh2 Rxb1 22. Rxb1 Bg7 23. Bxg7 Kxg7 24. Qc3+ Kg8 25. Nc2 Re8 26. Rf1 gxf4 27. gxf4 e5 28. Bf3 Nb7 29. Bh5 Qa5 30. Qd3 Nbd8 31. e4 exf4 32. Rxf4 Qxa2 33. exf5 Re5 34. Rf2 Kf8 35. Ne3 Qb2 36. Ng4 Rxf5 37. Rg2 Rxh5 38. Nf3 Qc1 39. Kg3 Qh1 40. Rh2 Qc1 41. Nf6 Bf5 42. Qe2 Rh6 0-1

[Event "Poznan"]
[Site "Poznan"]
[Date "1983.??.??"]
[Round "2"]
[White "Doda, Zbigniew"]
[Black "Maciejewski, Andrzej"]
[Result "1-0"]
[WhiteElo "2320"]
[BlackElo "2345"]
[PlyCount "145"]
[EventDate "1983.09.??"]
[EventType "tourn"]
[EventRounds "11"]
[EventCountry "POL"]
[EventCategory "5"]
[SourceTitle "MCD"]
[Source "ChessBase"]
[SourceDate "1999.07.01"]
[SourceVersion "1"]
[SourceVersionDate "1999.07.01"]
[SourceQuality "1"]

1. Nf3 g6 2. g3 Bg7 3. d4 d6 4. Bg2 c6 5. 0-0 Bg4 6. h3 Bxf3 7. Bxf3 Nd7 8. e4 e5 9. dxe5 dxe5 10. a4 Ngf6 11. Be3 Qe7 12. Nd2 0-0 13. Qe2 Nc5 14. Qc4 Ne6 15. a5 c5 16. c3 Rac8 17. Qb3 h5 18. Nc4 h4 19. Rad1 Qc7 20. Nd6 Rb8 21. Qa4 Rfd8 22. Nc4 Nh7 23. Bg2 Rbc8 24. Rxd8+ Rxd8 25. Rd1 hxg3 26. fxg3 Nf6 27. Bf3 Rxd1+ 28. Qxd1 Bf8 29. Kg2 Be7 30. h4 b5 31. axb6 axb6 32. Qb3 Bd8 33. Qb5 Kg7 34. Bc1 Nf8 35. Ne3 Qd6 36. Qc4 Bc7 37. Kf2 Ne6 38. Ke2 Bd8 39. Bd2 Nc7 40. Qd3 Qe7 41. h5 Nce8 42. hxg6 fxg6 43. c4 Nd6 44. Nd5 Nxd5 45. Qxd5 Nf7 46. Bg4 Qc7 47. Bc3 Bf6 48. Kd3 Nd8 49. Bd7 Nf7 50. Kc2 Ng5 51. Bg4 Nf7 52. Kb3 Nd8 53. Bd7 Nf7 54. Kc2 Ng5 55. Bg4 Nf7 56. Kb3 Nd8 57. Ka4 Nc6 58. Kb5 Nd4+ 59. Ka6 Bd8 60. Qb7 Qf7 61. Qxf7+ Kxf7 62. Kb7 Ke8 63. Kc8 Bf6 64. Kc7 Bd8+ 65. Kd6 Bf6 66. Kd5 Kd8 67. b4 cxb4 68. Bxb4 Nc2 69. Bd2 Nd4 70. Bb4 Nc2 71. Ke6 Nxb4 72. Kxf6 Nc6 73. Be6 1-0

[Event "Poznan"]
[Site "Poznan"]
[Date "1983.??.??"]
[Round "1"]
[White "Lanc, Alois"]
[Black "Doda, Zbigniew"]
[Result "1/2-1/2"]
[WhiteElo "2390"]
[BlackElo "2320"]
[PlyCount "50"]
[EventDate "1983.09.??"]
[EventType "tourn"]
[EventRounds "11"]
[EventCountry "POL"]
[EventCategory "5"]
[SourceTitle "MCD"]
[Source "ChessBase"]
[SourceDate "1999.07.01"]
[SourceVersion "1"]
[SourceVersionDate "1999.07.01"]
[SourceQuality "1"]

1. e4 c5 2. Nf3 e6 3. d4 cxd4 4. Nxd4 Nc6 5. Nc3 a6 6. f4 Qc7 7. Nxc6 Qxc6 8. Be2 b5 9. Bf3 Bb7 10. Qe2 Rc8 11. e5 Qc7 12. 0-0 Nh6 13. Bxb7 Qxb7 14. Ne4 Nf5 15. c3 h5 16. Bd2 Be7 17. b4 Qc6 18. Rfe1 h4 19. Red1 0-0 20. Be1 Rfd8 21. Rd3 d6 22. Bf2 dxe5 23. Rxd8+ Rxd8 24. fxe5 Rd5 25. Nc5 Bxc5 1/2-1/2

[Event "Poznan"]
[Site "Poznan"]
[Date "1983.??.??"]
[Round "9"]
[White "Santos, Luis M"]
[Black "Doda, Zbigniew"]
[Result "1-0"]
[WhiteElo "2365"]
[BlackElo "2320"]
[PlyCount "71"]
[EventDate "1983.09.??"]
[EventType "tourn"]
[EventRounds "11"]
[EventCountry "POL"]
[EventCategory "5"]
[SourceTitle "MCD"]
[Source "ChessBase"]
[SourceDate "1999.07.01"]
[SourceVersion "1"]
[SourceVersionDate "1999.07.01"]
[SourceQuality "1"]

1. c4 c5 2. Nf3 g6 3. d4 Bg7 4. e4 d6 5. Nc3 Nf6 6. Be2 0-0 7. 0-0 Re8 8. h3 cxd4 9. Nxd4 Nc6 10. Be3 Bd7 11. Nc2 a6 12. Qd2 Rb8 13. a4 Be6 14. Ra3 Nd7 15. f4 Nc5 16. f5 Bxc3 17. Qxc3 Nxe4 18. fxe6 Nxc3 19. exf7+ Kg7 20. fxe8N+ Qxe8 21. Rxc3 Ne5 22. b3 Kg8 23. Nb4 Qd7 24. Nd5 Rf8 25. Rxf8+ Kxf8 26. Bh6+ Kf7 27. Rc1 Qc6 28. Rf1+ Ke8 29. Rf8+ Kd7 30. Bg5 Qc5+ 31. Kh2 Qd4 32. Bxe7 Qd2 33. Rd8+ Ke6 34. Rxd6+ Kf7 35. Rf6+ Ke8 36. Rf8+ 1-0

[Event "Titovo Uzice"]
[Site "Titovo Uzice"]
[Date "1981.07.07"]
[Round "11"]
[White "Brkljaca, Ante"]
[Black "Doda, Zbigniew"]
[Result "0-1"]
[WhiteElo "2390"]
[BlackElo "2385"]
[PlyCount "86"]
[EventDate "1981.06.27"]
[EventType "tourn"]
[EventRounds "13"]
[EventCountry "YUG"]
[SourceTitle "EXT 2022"]
[Source "ChessBase"]
[SourceDate "2021.10.06"]
[SourceVersion "1"]
[SourceVersionDate "2021.10.06"]
[SourceQuality "1"]

1. e4 c5 2. Nf3 e6 3. d4 cxd4 4. Nxd4 Nc6 5. Nc3 a6 6. Be2 d6 7. 0-0 Nf6 8. Be3 Be7 9. f4 0-0 10. Qe1 Bd7 11. Qg3 Nxd4 12. Bxd4 Bc6 13. Bd3 b5 14. a3 Qd7 15. Qh3 e5 16. fxe5 dxe5 17. Bxe5 Bc5+ 18. Kh1 Qxh3 19. gxh3 Nd7 20. Bg3 f5 21. Bf2 Rae8 22. Kg1 fxe4 23. Bxc5 Nxc5 24. Rxf8+ Rxf8 25. Bf1 Ne6 26. Bg2 Ng5 27. Rf1 Nf3+ 28. Bxf3 exf3 29. Kf2 Rf6 30. Rg1 Rh6 31. Kg3 Rd6 32. Nb1 Kf7 33. Kf2 Rh6 34. Rg3 Re6 35. Nc3 Rd6 36. Nb1 a5 37. Rg4 h5 38. Rg5 b4 39. axb4 axb4 40. Rg1 Kf6 41. c3 b3 42. Re1 Kf5 43. Ke3 Be4 0-1

[Event "Titovo Uzice"]
[Site "Titovo Uzice"]
[Date "1981.07.04"]
[Round "8"]
[White "Doda, Zbigniew"]
[Black "Nicevski, Risto"]
[Result "1/2-1/2"]
[WhiteElo "2385"]
[BlackElo "2410"]
[PlyCount "80"]
[EventDate "1981.06.27"]
[EventType "tourn"]
[EventRounds "13"]
[EventCountry "YUG"]
[SourceTitle "EXT 2022"]
[Source "ChessBase"]
[SourceDate "2021.10.06"]
[SourceVersion "1"]
[SourceVersionDate "2021.10.06"]
[SourceQuality "1"]

1. Nf3 g6 2. g3 Bg7 3. d4 Nf6 4. Bg2 0-0 5. 0-0 d6 6. c4 c5 7. Nc3 Nc6 8. dxc5 dxc5 9. Bf4 Bd7 10. Ne5 Nxe5 11. Bxe5 Qc8 12. Bxf6 Bxf6 13. Nd5 Bh3 14. Nxf6+ exf6 15. Bxh3 Qxh3 16. Qd5 Qc8 17. Rad1 Rd8 18. Qf3 Qc6 19. Rd5 Rxd5 20. cxd5 Qa6 21. Rd1 Rd8 22. e4 b5 23. Qc3 Qb6 24. Kg2 c4 25. b3 cxb3 26. axb3 b4 27. Qc4 a5 28. Rc1 Qd6 29. Qc7 f5 30. Qxd6 Rxd6 31. Kf3 Kg7 32. Ke3 Kf6 33. Kd4 fxe4 34. Kxe4 Ra6 35. Kd4 a4 36. bxa4 Rxa4 37. Rc6+ Kf5 38. Kc5 Ra5+ 39. Kd4 Ra2 40. Rc7 Kf6 1/2-1/2

[Event "Titovo Uzice"]
[Site "Titovo Uzice"]
[Date "1981.06.27"]
[Round "1"]
[White "Doda, Zbigniew"]
[Black "Sprecic, Mustafa"]
[Result "0-1"]
[WhiteElo "2385"]
[BlackElo "2310"]
[PlyCount "80"]
[EventDate "1981.06.27"]
[EventType "tourn"]
[EventRounds "13"]
[EventCountry "YUG"]
[SourceTitle "EXT 2022"]
[Source "ChessBase"]
[SourceDate "2021.10.06"]
[SourceVersion "1"]
[SourceVersionDate "2021.10.06"]
[SourceQuality "1"]

1. Nf3 g6 2. g3 Bg7 3. d4 d5 4. Bg2 Nf6 5. 0-0 0-0 6. c4 c6 7. cxd5 cxd5 8. Ne5 Nc6 9. Nxc6 bxc6 10. Nc3 Rb8 11. b3 e5 12. dxe5 Ng4 13. Bf4 Nxe5 14. Rc1 Re8 15. Na4 Bd7 16. Qd2 Qe7 17. Rfe1 Rb4 18. Be3 Rxa4 19. Bc5 Qd8 20. bxa4 Nc4 21. Qd3 Qa5 22. Bd4 Ne5 23. Bxe5 Bxe5 24. e4 Bb2 25. Rb1 d4 26. Red1 Bc3 27. Qc4 Rc8 28. Rxd4 Be6 29. Qd3 Bxd4 30. Qxd4 c5 31. Qd1 c4 32. Qc2 Rd8 33. Rd1 Rxd1+ 34. Qxd1 c3 35. Qc2 Qc5 36. Bf1 Bxa2 37. Bd3 Qa3 38. Kg2 a5 39. h4 Qb2 40. Kf3 Bb3 0-1

[Event "Warsaw Cup"]
[Site "Warsaw"]
[Date "1980.05.25"]
[Round "3"]
[White "Sznapik, Aleksander"]
[Black "Doda, Zbigniew"]
[Result "1/2-1/2"]
[WhiteElo "2405"]
[BlackElo "2370"]
[PlyCount "39"]
[EventDate "1980.05.23"]
[EventType "tourn"]
[EventRounds "11"]
[EventCountry "POL"]
[EventCategory "7"]
[SourceTitle "EXT 2001"]
[Source "ChessBase"]
[SourceDate "2000.11.22"]
[SourceVersion "1"]
[SourceVersionDate "2000.11.22"]
[SourceQuality "1"]

1. e4 c5 2. Nf3 e6 3. c3 d5 4. exd5 exd5 5. d4 Nc6 6. Be2 Bd6 7. dxc5 Bxc5 8. 0-0 Nge7 9. Bg5 0-0 10. Nbd2 f6 11. Bf4 Ng6 12. Bg3 f5 13. Nb3 Bb6 14. h3 f4 15. Bh2 Kh8 16. Qd2 Be6 17. Rad1 Qf6 18. Nbd4 Bg8 19. Rfe1 Rad8 20. Bf1 1/2-1/2

[Event "EU-chT 07th Group4"]
[Site "Biel"]
[Date "1978.10.06"]
[Round "1.1"]
[White "Huss, Andreas"]
[Black "Doda, Zbigniew"]
[Result "0-1"]
[WhiteElo "2355"]
[BlackElo "2400"]
[PlyCount "81"]
[EventDate "1978.10.06"]
[EventType "team-tourn"]
[EventRounds "2"]
[EventCountry "SUI"]
[SourceTitle "EXT 2020"]
[Source "ChessBase"]
[SourceDate "2019.10.17"]
[SourceVersion "1"]
[SourceVersionDate "2019.10.17"]
[SourceQuality "1"]
[WhiteTeam "Switzerland"]
[BlackTeam "Poland"]
[WhiteTeamCountry "SUI"]
[BlackTeamCountry "POL"]

1. d4 Nf6 2. Nf3 g6 3. c4 c5 4. d5 d6 5. Nc3 Bg7 6. e4 0-0 7. Bf4 Nh5 8. Bg5 h6 9. Be3 e5 10. dxe6 Bxe6 11. Qd2 Kh7 12. h3 Nf6 13. Be2 Nc6 14. 0-0 Qb6 15. Rac1 Rfe8 16. Rfd1 Rad8 17. Qc2 Bc8 18. a3 Qc7 19. Bf4 Qe7 20. Bd3 a6 21. Re1 Qf8 22. Bh2 Nd7 23. Nd5 Nde5 24. Nh4 Nd4 25. Qd1 g5 26. Nf5 Bxf5 27. exf5 Nef3+ 28. gxf3 Rxe1+ 29. Qxe1 Nxf3+ 30. Kg2 Nxe1+ 31. Rxe1 Bxb2 32. f6+ Kh8 33. Rb1 Bd4 34. Rxb7 h5 35. Ra7 Rb8 36. Bf5 Rb2 37. Bg1 g4 38. hxg4 hxg4 39. Rc7 g3 40. Kxg3 Qg8+ 41. Kf3 0-1

[Event "POL-ch35"]
[Site "Krakow"]
[Date "1978.??.??"]
[Round "8"]
[White "Doda, Zbigniew"]
[Black "Pokojowczyk, Jerzy"]
[Result "0-1"]
[WhiteElo "2405"]
[BlackElo "2385"]
[PlyCount "84"]
[EventDate "1978.02.05"]
[EventType "tourn"]
[EventRounds "17"]
[EventCountry "POL"]
[EventCategory "4"]
[SourceTitle "EXT 2003"]
[Source "ChessBase"]
[SourceDate "2002.11.25"]
[SourceVersion "1"]
[SourceVersionDate "2002.11.25"]
[SourceQuality "1"]

1. Nf3 Nf6 2. c4 g6 3. g3 Bg7 4. Bg2 0-0 5. 0-0 d6 6. Nc3 Nc6 7. d3 a6 8. Bd2 Rb8 9. a4 a5 10. Rb1 Nb4 11. Ne1 c6 12. Nc2 Bd7 13. h3 Ne8 14. Ne4 c5 15. Ne3 Bc6 16. Bc3 e5 17. f4 f5 18. Nd2 exf4 19. Bxg7 Nxg7 20. gxf4 Qe8 21. Nd5 Bxa4 22. b3 Bc6 23. Ra1 b6 24. Rf2 Nh5 25. Nf1 Nf6 26. Nxb4 Bxg2 27. Kxg2 axb4 28. e3 d5 29. cxd5 Nxd5 30. Qf3 Qe6 31. Kh2 Rbe8 32. Re1 Qd6 33. Ng3 Nc3 34. e4 Qd4 35. e5 Rd8 36. Rd2 Qd5 37. Qg2 Qxg2+ 38. Kxg2 Rd4 39. Kf3 Rfd8 40. Re3 Nd5 41. Re1 Rxf4+ 42. Kg2 Rd4 0-1

[Event "POL-ch35"]
[Site "Krakow"]
[Date "1978.??.??"]
[Round "2"]
[White "Gralka, Julian"]
[Black "Doda, Zbigniew"]
[Result "1/2-1/2"]
[WhiteElo "2330"]
[BlackElo "2405"]
[PlyCount "25"]
[EventDate "1978.02.05"]
[EventType "tourn"]
[EventRounds "17"]
[EventCountry "POL"]
[EventCategory "4"]
[SourceTitle "EXT 2003"]
[Source "ChessBase"]
[SourceDate "2002.11.25"]
[SourceVersion "1"]
[SourceVersionDate "2002.11.25"]
[SourceQuality "1"]

1. c4 g6 2. d4 Bg7 3. Nc3 c5 4. d5 d6 5. Nf3 Nf6 6. e4 0-0 7. Be2 e6 8. dxe6 fxe6 9. 0-0 Nc6 10. Bg5 h6 11. Bh4 Qe7 12. Re1 Rd8 13. Bd3 1/2-1/2